Регионална библиотека "Любен Каравелов" - Русе

Дафне разсеяната патица (Запис номер 523875)

MARC детайли
000 -Лидер
Лидер 01466nam a2200313 a 4500
003 - Код на организацията, давaща контролен номер
Код на организацията, даваща контролен номер BLK
005 - Дата и час на последна редакция
Дата и час на последна редакция 20250517184853.0
008 - Елементи от данни с фиксирана дължина
Елементи с фиксирана дължина 180408b bul|||||r ||||||| ||bul||
020 ## - Международен стандартен номер на книга ISBN
ISBN 9786192440770
040 ## - Източник на каталожния запис
Код на библиотеката BLK
041 ## - Код за език
Език Български
Език за КДБФ Български
080 ## - УДК
УДК текст Английска литература
УДК код 821.111
УДК – определител -93-34
УДК – код + определител 821.111-93-34
100 1# - Редна дума - Автор
Автор Барбър, Шърли
R(LIN) 367236
245 10 - Сведения за заглавието
Заглавие Дафне разсеяната патица
Авторска отговорност Шърли Барбър ; ил. Шърли Барбър ; прев. Стефан Недков
257 ## - Страна на издаване
Страна на създаване/издаване Великобритания
260 ## - Област на издателските данни
Място на издаване София
Име на издателя Бук травъл
Година на издаване 2023
9 (RLIN) 443725
Издателство - префикс ISBN 978-954-761- ; 954-8485-
300 ## - Физическа характеристика
Брой страници 24 с.
Илюстрации с цв. ил.
Размер 30 см
380 ## - Жанр
Жанр Детска худож. лит.
490 ## - СЕРИИ (Колекции)
9 (RLIN) 496483
Серия Светулка
500 ## - Общи забележки
Обща забележка Ориг. загл.: Daphne the forgetful duck / Shirley Barber<br/>Кн. от поредицата Приключенията на зайчето Марта Б.
700 1# - Други автори (авторска отговорност)
Друг автор Барбър, Шърли
Авт. отговорност на др. автор ил.
9 (RLIN) 367236
700 ## - Други автори (авторска отговорност)
Друг автор Недков, Стефан Недков
Дати, свързани с автора 1956 -
Друга информация Инженер (компютърни технологии). Преводач от английски и руски език.
Авт. отговорност на др. автор прев.
9 (RLIN) 401250
852 ## - Местоположение
Сигнатура (форматна) Цб ІІ 33490
Отдел Хранилище
852 ## - Местоположение
Отдел Детски отдел
Систематично-азбучна сигнатура 821-93/Б 26 Ш
942 ## - АРТИКУЛИ
Вид на библиотечния документ Книги
Скрит в OPAC Не
Периодичен библиозапис Не
Koha issues (borrowed), all copies 4
944 ## - СЪЗДАВАНЕ И РЕДАКЦИЯ на ЗАПИСА
Дата на регистрацията/редакция Кети Илиева
Служител, извършил регистрацията/редакцията 30550
Номер на служител Кети Илиева
944 ## - СЪЗДАВАНЕ И РЕДАКЦИЯ на ЗАПИСА
Дата на регистрацията/редакция 2025-01-16
Служител, извършил регистрацията/редакцията М.Я.
Създаване/Редакция Редакция
999 ## - СИСТЕМНИ КОНТРОЛНИ НОМЕРА
Koha biblionumber 523875
Koha biblioitemnumber 523875
Наличности
Код за отписване Код за изгубен артикул Източник на класификационната схема Код за повреда Коз за рестрикции Код за отдаване Артикулен № Име на библиотеката - собственик Име на библиотеката, в която се намира в момента Статус (Текущо местоположение) Дата на вписване в системата Местоположение - отдел Цена в лева Инвентарен номер Систематично азбучна сигнатура Баркод Цена в евро Служебен тип на артикула
  Не е изгубен Universal Decimal Classification Не е повреден само за читалня ползва се в читалня 957103 Регионална библиотека "Любен Каравелов" Русе Регионална библиотека "Любен Каравелов" Русе Хранилище 2025-01-03 Хранилище 14.90 120000915920 Цб ІІ 33490 120000915920 7.62 Книги
  Не е изгубен Universal Decimal Classification Не е повреден   заемане за дома 958563 Регионална библиотека "Любен Каравелов" Русе Регионална библиотека "Любен Каравелов" Русе Детски отдел 2025-01-17 Детски отдел 10.43 120000917082 821-93/Б 26 Ш 120000917082 5.33 Книги
Vip Innovations Ltd, Rousse, Bulgaria 2025